Eastern Utah Libraries Catalog: Duchesne, Heber, Roosevelt, & Vernal

Detective Beans : (Record no. 411375)

MARC details
000 -LEADER
fixed length control field 02135cam a2200505 i 4500
001 - CONTROL NUMBER
control field in903051837
003 - CONTROL NUMBER IDENTIFIER
control field Ingram
005 - DATE AND TIME OF LATEST TRANSACTION
control field 20251117181548.0
008 - FIXED-LENGTH DATA ELEMENTS--GENERAL INFORMATION
fixed length control field 250829s2025 moua b 6 000 1 eng d
010 ## - LIBRARY OF CONGRESS CONTROL NUMBER
LC control number 2025933726
020 ## - INTERNATIONAL STANDARD BOOK NUMBER
International Standard Book Number 9798881602222
Qualifying information (hardcover)
020 ## - INTERNATIONAL STANDARD BOOK NUMBER
Cancelled/invalid ISBN 9798881602215
Qualifying information (paperback)
035 ## - SYSTEM CONTROL NUMBER
System control number (OCoLC)1499594404
040 ## - CATALOGING SOURCE
Original cataloging agency TnLvILS
Language of cataloging eng
Description conventions rda
Transcribing agency TnLvILS
Modifying agency TnLvILS
050 #4 - LIBRARY OF CONGRESS CALL NUMBER
Classification number PZ7.7.C4249
Item number Det 2025 v. 2
082 04 - DEWEY DECIMAL CLASSIFICATION NUMBER
Classification number 741.5/993
Edition number 23/eng/20250829
092 ## - LOCALLY ASSIGNED DEWEY CALL NUMBER (OCLC)
Classification number GN
100 1# - MAIN ENTRY--PERSONAL NAME
Personal name Chen, Li,
Dates associated with a name 1986-
Relator term author,
-- illustrator.
9 (RLIN) 6536760
245 10 - TITLE STATEMENT
Title Detective Beans :
Remainder of title adventures in Cat Town /
Statement of responsibility, etc by Li Chen.
246 30 - VARYING FORM OF TITLE
Title proper/short title Adventures in Cat Town
264 #1 - Production, Publication, Distribution, Manufacture, and Copyright Notice.
Place of production, publication, distribution, manufacture Kansas City, Missouri :
Name of producer, publisher, distributor, manufacturer Andrews McMeel Publishing,
Date of production, publication, distribution, manufacture, or copyr [2025]
300 ## - PHYSICAL DESCRIPTION
Extent 197 pages :
Other physical details chiefly color illustrations ;
Dimensions 24 cm.
336 ## - Content Type
Content type term text
336 ## - Content Type
Content type term still image
337 ## - Media type
Media type term unmediated
338 ## - Carrier type
Carrier type term volume
490 0# - SERIES STATEMENT
Series statement Detective Beans ;
Volume number/sequential designation 2
520 ## - SUMMARY, ETC.
Summary, etc "Detective Beans is back on the case! In this series of mysteries and adventures, the world's cutest cat detective comes to the aid of her fellow villagers, searching for a cookie thief (with surprising results!), aiding a deceptive duck in the recovery of lost goods, and even doing his best to help a confused bear prove that the moon is made of cheese."--
521 1# - TARGET AUDIENCE NOTE
Target audience note 008-010.
521 2# - TARGET AUDIENCE NOTE
Target audience note 003-005.
650 #0 - SUBJECT ADDED ENTRY--TOPICAL TERM
Topical term or geographic name as entry element Cats
Form subdivision Comic books, strips, etc.
9 (RLIN) 5686642
650 #0 - SUBJECT ADDED ENTRY--TOPICAL TERM
Topical term or geographic name as entry element Detectives
Form subdivision Comic books, strips, etc.
9 (RLIN) 6441937
650 #0 - SUBJECT ADDED ENTRY--TOPICAL TERM
Topical term or geographic name as entry element Lost articles
Form subdivision Comic books, strips, etc.
9 (RLIN) 6462471
650 #0 - SUBJECT ADDED ENTRY--TOPICAL TERM
Topical term or geographic name as entry element Animals
Form subdivision Comic books, strips, etc.
9 (RLIN) 5690068
650 #1 - SUBJECT ADDED ENTRY--TOPICAL TERM
Topical term or geographic name as entry element Cats
Form subdivision Fiction.
9 (RLIN) 5674208
650 #1 - SUBJECT ADDED ENTRY--TOPICAL TERM
Topical term or geographic name as entry element Detectives
Form subdivision Fiction.
9 (RLIN) 5728758
650 #1 - SUBJECT ADDED ENTRY--TOPICAL TERM
Topical term or geographic name as entry element Lost and found possessions
Form subdivision Fiction.
9 (RLIN) 5679264
650 #1 - SUBJECT ADDED ENTRY--TOPICAL TERM
Topical term or geographic name as entry element Animals
Form subdivision Fiction.
9 (RLIN) 5678722
650 #1 - SUBJECT ADDED ENTRY--TOPICAL TERM
Topical term or geographic name as entry element Graphic novels.
650 #1 - SUBJECT ADDED ENTRY--TOPICAL TERM
Topical term or geographic name as entry element Cartoons and comics.
655 #7 - INDEX TERM--GENRE/FORM
Genre/form data or focus term Comics (Graphic works)
Source of term lcgft
9 (RLIN) 5689343
655 #7 - INDEX TERM--GENRE/FORM
Genre/form data or focus term Funny animal comics.
Source of term lgcft
9 (RLIN) 6020097
655 #7 - INDEX TERM--GENRE/FORM
Genre/form data or focus term Detective and mystery comics.
Source of term lcgft
9 (RLIN) 5711867
942 ## - ADDED ENTRY ELEMENTS (KOHA)
Source of classification or shelving scheme Dewey Decimal Classification
Koha item type BOOK
Holdings
Withdrawn status Lost status Source of classification or shelving scheme Damaged status Not for loan Collection code Home library Current library Shelving location Date acquired Source of acquisition Total Checkouts Total Renewals Full call number Barcode Checked out Date last seen Date checked out Cost, replacement price Price effective from Koha item type
    Dewey Decimal Classification     Junior Graphic Novels Wasatch County Library Wasatch County Library First Floor 09/26/2025 Ingram 3 4 J GN Chen 34301002168666 05/05/2026 03/09/2026 03/09/2026 21.99 09/26/2025 BOOK
This project was made possible through a grant from the Institute of Museum and Library Service administered by the Utah State Library Division.

Wasatch County Library

  • 465 East 1200 South, Heber City, Utah 84032
  • Phone 435-654-1511 | Fax 435-654-6456

Hours

  • Monday - Friday 9:30 AM - 8:00 PM
  • Saturday 9:30 AM - 1:30 PM
  • Closed Sundays and Holidays